Statistiques concernant Les capitales les plus devinées de les capitales les p...

Cliquez ici pour prendre le quiz!

Statistiques générales

  • Ce quiz a été pris 105 fois
  • Le résultat moyen est 5 sur 5

Statistiques - réponses

%Capitale% Correct
100Paris
100%
97Londres
96%
94Rome
96%
94Madrid
94%
97Berlin
90%

Distribution des résultats

Percentile par nombre de réponses

% des personnes avec chaque résultat

Votre développement - résultats

Vous n’avez pas pris ce quiz